| 000 | 00820nam a22002297a 4500 | ||
|---|---|---|---|
| 003 | OSt | ||
| 005 | 20230202083906.0 | ||
| 008 | 221006b |||||||| |||| 00| 0 eng d | ||
| 020 | _a978 9968 899 43 7 | ||
| 040 | _cBiblioteca Lado V | ||
| 082 |
_a712 _bM236g |
||
| 100 |
_9722 _aMalavasi Lachner, Maria Paola _eautora _qMalavasi Lachner, Lola |
||
| 245 |
_aGestionar la duda:/ _bensayos sobre una ficción operativa/ |
||
| 260 |
_aCosta Rica _bARS TEOR/eTica _c2022 |
||
| 300 |
_c22x16,5cm _a199p. |
||
| 490 | _v06 | ||
| 650 | 0 |
_2Tesauro de Arte & Arquitectura _aTEORIA _9702 |
|
| 650 |
_2Tesauro de Arte & Arquitectura _aLITERATURA |
||
| 650 |
_2Tesauro de Arte & Arquitectura _aARTE - PEDAGOGIA |
||
| 650 |
_2Tesauro de Arte & Arquitectura _aARTE - DIFUSION |
||
| 942 |
_2ddc _c1 _h712 _iM236g _n0 |
||
| 999 |
_c3026 _d3026 |
||